Camping - Statistics

General Stats
  • This quiz has been taken 9 times
  • The average score is 8 of 14
Answer Stats
Hint Answer % Correct
Unterlage zum Schlafen? Luftmatratze oder Isomatte
100%
Für die ursprünglichste Form des Campings braucht man ein? Zelt
100%
Mit Abstand beliebteste Art Essen zuzubereiten? Grillen
86%
Zeltnägel halten dies fest am Boden, diese nennt man auch? Hering
86%
Manche Camper nutzen ein Porta Potti, was ist das? Chemietoilette
71%
Moderne Freizeitfahrzeuge zum Campen sind? Reisemobil oder Wohnmobil
71%
Wie nennt man das Zelt der Indianer? Tipi
71%
Beliebtestes Campingfahrzeug der Hippies? Campingbus
57%
Wenn ich meinen Wohnwagen an der gleichen Stelle nutze dann ist das? Dauercamping
43%
Eine Art Zelt bei den Bergsteigern nennt man? Biwakzelt
29%
Ausrüstung – der spezielle Stecker für den Campingplatz? CEE Stecker
29%
In den Steppen Asien gibt es große Zelte, das sind? Jurten
29%
Lagerfeuer am Abend (wenn erlaubt), Kinder essen? Stockbrot
29%
Camping Luxuriös nennt man? Glamping
14%
No matching quizzes found
Score Distribution
Percent of People with Each Score
Percentile by Number Answered
Your Score History
You have not taken this quiz